000 00293 a2200145 4500
001 63947
040 _cAnchieta - Pituba
100 _aLefebvre, Henri
240 1 0 _aO marxismo
_lpor
245 1 0 _aO marxismo
300 _a111
362 0 _a1988
650 4 _aSistemas marxistas
942 _cBK
999 _c63947
_d63947